Most expensive football transfers - 2011-2012 Season - Statistics

General Stats
  • This quiz has been taken 37 times
  • The average score is 9 of 10
Answer Stats
Fee (M €) Nationality Left Joined Player % Correct
34,00 Spain Arsenal Barcelona Cesc Fàbregas
100%
27,00 Cameroon Inter Anzhi Samuel Eto'o
100%
40,00 Argentina Atlético Madrid Manchester City Sergio Agüero
100%
26,00 Chile Udinese Calcio Barcelona Alexis Sánchez
97%
40,00 Colombia FC Porto Atlético Madrid Radamel Falcao
97%
30,00 Germany FC Schalke 04 Bayern München Manuel Neuer
90%
27,50 France Arsenal Manchester City Samir Nasri
90%
26,70 Spain Valencia Chelsea Juan Mata
83%
30,00 Portogallo Benfica Real Madrid Fábio Coentrão
80%
42,00 Argentina US Palermo Paris SG Javier Pastore
80%
No matching quizzes found
Score Distribution
Percent of People with Each Score
Percentile by Number Answered
Your Score History
You have not taken this quiz